000 00566nam a2200193Ia 4500
005 20250508163305.0
008 008 250505s9999 xx 000 0 eng d
037 _aDissertations
040 _aFEDL
_beng
_cFEDL
041 _aeng
_2eng
084 _a820, DAS/DI
_qFEDL
100 _aDas Nilima
_950435
245 0 _aApproach to the study of literature through art for second language learners
260 _c1987
300 _a56p.
546 _aM. Ed. Dissertation (Delhi University)
942 _cDIS
_h820, DAS/DI
999 _c1382075
_d1382075